000 01411nam a2200349Ia 4500
001 ebr10275926
003 CaPaEBR
006 m u
007 cr cn|||||||||
008 080508s2008 gw a sb 001 0 eng d
010 _z 2008021357
020 _z3110190834 (cloth : alk. paper)
020 _z9783110190830 (cloth : alk. paper)
040 _aCaPaEBR
_cCaPaEBR
035 _a(OCoLC)646796561
050 1 4 _aP118
_b.B588 2008eb
100 1 _aBlom, Elma,
_d1972-
245 1 4 _aThe acquisition of finiteness
_h[electronic resource] /
_cby Elma Blom.
260 _aBerlin ;
_aNew York :
_bMouton de Gruyter,
_cc2008.
300 _aviii, 162 p. :
_bill.
490 1 _aStudies in generative grammar,
_x0167-4331 ;
_v94
504 _aIncludes bibliographical references (p. [143]-159) and index.
533 _aElectronic reproduction.
_bPalo Alto, Calif. :
_cebrary,
_d2011.
_nAvailable via World Wide Web.
_nAccess may be limited to ebrary affiliated libraries.
650 0 _aCognition in children.
650 0 _aGermanic languages
_xAcquisition.
650 0 _aGrammar, Comparative and general
_xVerb.
650 0 _aLanguage acquisition.
655 7 _aElectronic books.
_2local
710 2 _aebrary, Inc.
830 0 _aStudies in generative grammar ;
_v94.
856 4 0 _uhttp://site.ebrary.com/lib/rucke/Doc?id=10275926
_zAn electronic book accessible through the World Wide Web; click to view
999 _c20302
_d20302